000 01624cam a22004574i 4500
003 PE-LiUPU
005 20250731173153.0
008 150623s1996 miu r 000 0 spa d
020 _a0829710884
035 _a(Sirsi) i9780829710885
040 _aPE-LiUPU
_bspa
_cPE-LiUPU
_erda
049 _aPRUA
082 0 4 _a229.9066
_bF34
_221
100 1 _aFeinberg, Charles L.,
_eautor.
245 1 4 _aLos Profetas Menores /
_cCharles L. Feinberg.
264 1 _aUnited States de America :
_bVida,
_c1996.
300 _a381 páginas ;
_c20 centímetros
336 _atext
_2rdacontent
337 _aunmediated
_2rdamedia
338 _avolume
_2rdacarrier
505 0 _aOseas: El Amor de Dios por Israel Joel, Amos y Abdias -- Jonas, Miqueas y Nahum -- Habacuc, Sofonías y Hageo -- Zacarias y Malaquías.
526 _aSEG42
526 _aSEG41
526 _aSEG40
526 _aSEG39
526 _aP94
526 _aP87
526 _aP86
526 _aP85
526 _aP77
526 _aP76
526 _aP35
541 _g0001401;
630 _aBiblia.
_pA.T.
_pOseas-Malaquías
_xComentarios.
700 1 _aArancibia, René
_btr.
942 _2ddc
_cBOOK
949 _a229.9066 F34
_wDEWEY
_c1
_i55026
_d2016-11-28
_e2016-11-25
_lCCODEBUL1
_mBUL
_n1
_r0
_sY
_tBOOK
_u2015-6-24
_xTEOLOGIA
_PP35
_0COMPRA
_o.STAFF. Colección Teología
994 _aC0
_bPEPRU
596 _a1
999 _a229.9066 F34
_wDEWEY
_c35531
_i55026
_d35531
_e2018-3-16
_f2021-11-9
_g5
_lCCODEBUL1
_mBUL
_n2
_p30.00
_q6
_r0
_sY
_tBOOK
_u2015-6-24
_xTEOLOGIA
_PP35
_0COMPRA
_o.STAFF. Colección Teología
980 _81
_gALBERTO SANCHEZ Responsable de Automatización